000 00426nam a22001697a 4500
999 _c478426
_d478426
003 NUST
005 20180529064154.0
008 180529b ||||| |||| 00| 0 eng d
020 _a0198539959
038 _aSNS Library
082 _a539.723
100 _aPradip K. Ghosh
_910587
245 _aION Traps
_cPradip K. Ghosh
260 _aNew York
_bClarendon Press. Oxford
_c1995
300 _a326 p.
_bHb.
942 _2ddc
_cBK